Ισπανικές Πόλεις - Κουίζ Χάρτη - Statistics

General Stats
  • This quiz has been taken 32 times
  • The average score is 7 of 15
Answers on the Map
Answers color-coded by a green-red scale on the quiz's map according to % correct below.
 
Answer Stats
Answer % Correct
Βαρκελώνη
85%
Μαδρίτη
77%
Μπιλμπάο
54%
Σεβίλλη
50%
Λα Κορούνια
50%
Μάλαγα
50%
Πάλμα
46%
Λας Πάλμας
46%
Σαραγόσα
38%
Βαλένθια
38%
Θέουτα
38%
Μούρθια
35%
Παμπλόνα
31%
Βαγιαδολίδ
19%
Μέριδα
19%
No matching quizzes found
Score Distribution
Percent of People with Each Score
Percentile by Number Answered
Your Score History
You have not taken this quiz